[Event "Kolkata Rapid op"]
[Site "Kolkata"]
[Date "2024.05.04"]
[Round "1"]
[White "Neelotpal, Das"]
[Black "Kian, D Bose"]
[Result "1-0"]
[WhiteElo "2283"]
[BlackElo "1440"]
[PlyCount "54"]
[EventDate "2024.05.04"]
[EventType "swiss (rapid)"]
[EventRounds "11"]
[EventCountry "IND"]
[SourceTitle "CBM 220 Extra"]
[Source "ChessBase"]
[SourceDate "2024.07.31"]
[SourceVersion "1"]
[SourceVersionDate "2024.07.31"]
[SourceQuality "1"]

1. d4 c6 2. c4 d5 3. Nf3 Nf6 4. Nc3 e6 5. e3 Nbd7 6. Bd3 Bd6 7. e4 dxe4 8. Nxe4 Nxe4 9. Bxe4 0-0 10. 0-0 f5 11. Bc2 Nf6 12. Qe2 Qc7 13. b3 Qe7 14. Bb2 Bd7 15. Rad1 Rae8 16. Ne5 Bxe5 17. dxe5 Ng4 18. c5 Nh6 19. b4 Nf7 20. Bb3 g5 21. Rd3 h6 22. Rfd1 Bc8 23. Rd6 Nxd6 24. exd6 Qf7 25. Qe5 Kh7 26. g4 Rg8 27. gxf5 Bd7 1-0